00535 2200193 4500001002100000005001500021035002000036007000300056008004100059082001200100084001800112100001100130245006300141260006200204300003500266650001800301700001100319990001100330INLIS00000000000725120210315083039 a0010-0321000621ta210315 c 0 ind  aR.398.2 aR.398.2 SAR p0 aSARMAN1 aPutri Nibung Di Sarang Lanun /cSarman; penyunting, Suladi aJakarta :bBadan Pengembangan dan Pembinaan Bahasa,c2016 aix, 52 hal. :bilus. ;c21 cm. 4aCERITA RAKYAT0 aSULADI a8013 a